书目信息 |
| 题名: |
洛克谈人权与自由
|
|
| 作者: | 洛克 著 ;石磊 编译 | |
| 分册: | ||
| 出版信息: | 天津 天津社会科学院出版社 2011.6 |
|
| 页数: | 359页 | |
| 开本: | 21cm | |
| 丛书名: | ||
| 单 册: | ||
| 中图分类: | B561.24 , D082 | |
| 科图分类: | ||
| 主题词: | ||
| 电子资源: | ||
| ISBN: | 978-7-80688-652-6 | |
| 000 | 00898nam0 2200265 45 | |
| 001 | 1359725421 | |
| 005 | 20130529082608.01 | |
| 010 | @a978-7-80688-652-6@b精装@dCNY28.00 | |
| 100 | @a20130513d2011 em y0chiy50 ea | |
| 101 | 1 | @achi@ceng |
| 102 | @aCN@b120000 | |
| 105 | @aa z 000yy | |
| 106 | @ar | |
| 200 | 1 | @a洛克谈人权与自由@ALuo Ke Tan Ren Quan Yu Zi You@f洛克著@FLuo Ke Zhu@g石磊编译 |
| 210 | @a天津@c天津社会科学院出版社@d2011.6 | |
| 215 | @a359页@c图@d21cm | |
| 300 | @a世界大师思想精萃 | |
| 330 | @a本书分上下两篇,上篇主要是针对英国当时一位非常有名的作家菲尔默所持“君权神授论”的论战,洛克在下篇的重点是“立”,阐释了他主要的政治思想。 | |
| 600 | 0 | @a洛克@bJ.@f(1632-1704)@x人权观 |
| 690 | @aB561.24@v5 | |
| 690 | @aD082@v5 | |
| 701 | 0 | @a洛克@ALuo Ke@bJ.@4著 |
| 702 | 0 | @a石磊@AShi Lei@4编译 |
| 801 | @aCN@bTANGWEI@c20130522 | |
| 905 | @b0833612-15@dB561.24@e43@f4 | |
| 洛克谈人权与自由/洛克著/石磊编译.-天津:天津社会科学院出版社,2011.6 |
| 359页:图;21cm |
| 世界大师思想精萃 |
| ISBN 978-7-80688-652-6(精装):CNY28.00 |
| 本书分上下两篇,上篇主要是针对英国当时一位非常有名的作家菲尔默所持“君权神授论”的论战,洛克在下篇的重点是“立”,阐释了他主要的政治思想。 |
| ● |
| 相关链接 |
|
|
|
|
正题名:洛克谈人权与自由
索取号:B561.24/43
 
预约/预借
| 序号 | 登录号 | 条形码 | 馆藏地/架位号 | 状态 | 备注 |
| 1 | 0833612 | 208336120 | 第一样本阅览室/ [索取号:B561.24/43] | 在馆 | |
| 2 | 0833613 | 208336139 | 教育系资料室/ [索取号:B561.24/43] | 在馆 | |
| 3 | 0833614 | 208336148 | 教育系资料室/ [索取号:B561.24/43] | 在馆 | |
| 4 | 0833615 | 208336157 | 第一借阅区/ [索取号:B561.24/43] | 在馆 |